Mots croisés - Marvel / DC Comics - Statistiques

Statistiques générales
  • Ce quiz a été pris 976 fois
    947 depuis la dernière actualisation
  • Le résultat moyen est 18 sur 20
Statistiques - réponses
Définitions Réponses % Correct
Dieu du tonnerre de Marvel, armé de son marteau Mjölnir Thor
99%
Milliardaire de Marvel qui a construit une armure high-tech utilisée pour s'échapper de ses ravisseurs Iron Man
98%
Justicier masqué de DC Comics qui combat le crime à Gotham City Batman
97%
Héros de Marvel portant un bouclier rond en vibranium indestructible qu'il utilise autant en défense qu'en attaque Captain America
97%
Super-héros de Marvel capable de se transformer en un géant monstre vert invincible Hulk
97%
Super-héros de Marvel qui possède les pouvoirs proportionnés d'une araignée Spider-Man
97%
Ennemi juré de Batman, criminel clownesque de DC Comics Joker
96%
Super-héros de Marvel capable de contrôler et de communiquer avec les insectes (principalement les fourmis) Ant-Man
95%
Super-héros de DC Comics doté d'un pouvoir de super-vitesse Flash
95%
Héros emblématique de DC Comics, originaire de la planète Krypton, doté de pouvoirs et de capacités bien supérieurs à ceux des humains mortels Superman
95%
Roi de l'Atlantide de DC Comics, capable de respirer sous l'eau et de contrôler toute vie marine par télépathie Aquaman
93%
Dieu de la malice chez Marvel Loki
93%
Sorcier de Marvel, maître des arts mystiques Docteur Strange
92%
Guerrière Amazone de DC Comics, ayant hérité de pouvoirs divins Wonder Woman
92%
Espionne et assassine redoutable de Marvel, membre clé des Avengers Black Widow
91%
Cambrioleuse agile de DC Comics, ennemie de Batman Catwoman
88%
Membre du Corps de DC Comics, doté d'un anneau de pouvoir qui permet à son porteur de matérialiser n’importe quelle forme par la seule force de son imagination et de sa volonté Green Lantern
77%
Mercenaire de Marvel réputé pour sa nature bavarde et sa tendance à briser le quatrième mur Deadpool
75%
Protagoniste mi-homme, mi-machine de DC Comics Cyborg
74%
Mot mystère Justice
62%
Aucun quiz correspondant
Distribution des résultats
% des personnes avec chaque résultat
Percentile par nombre de réponses
Votre historique - résultats
Vous n’avez pas pris ce quiz depuis la dernière actualisation